<?xml version="1.0" encoding="UTF-8"?>
<record
    xmlns:xsi="http://www.w3.org/2001/XMLSchema-instance"
    xsi:schemaLocation="http://www.loc.gov/MARC21/slim http://www.loc.gov/standards/marcxml/schema/MARC21slim.xsd"
    xmlns="http://www.loc.gov/MARC21/slim">

  <leader>01230nam0a22002651  4500</leader>
  <controlfield tag="001">rc\2961983</controlfield>
  <controlfield tag="005">20250529235705.0</controlfield>
  <datafield tag="035" ind1=" " ind2=" ">
    <subfield code="a">(NLR Aleph) 007108599</subfield>
  </datafield>
  <datafield tag="090" ind1=" " ind2=" ">
    <subfield code="a">6744386</subfield>
    <subfield code="c">6744386</subfield>
  </datafield>
  <datafield tag="100" ind1=" " ind2=" ">
    <subfield code="a">20080110d1934    |||y0rusy50      ca</subfield>
  </datafield>
  <datafield tag="101" ind1="1" ind2=" ">
    <subfield code="a">rus</subfield>
  </datafield>
  <datafield tag="102" ind1=" " ind2=" ">
    <subfield code="a">RU</subfield>
  </datafield>
  <datafield tag="105" ind1=" " ind2=" ">
    <subfield code="a">a   z   ||||y</subfield>
  </datafield>
  <datafield tag="200" ind1="1" ind2=" ">
    <subfield code="a">&#x42D;&#x43A;&#x440;&#x430;&#x43D;&#x43D;&#x44B;&#x439; &#x43A;&#x43E;&#x442;&#x435;&#x43B; &#x441; &#x43A;&#x43E;&#x43C;&#x431;&#x438;&#x43D;&#x438;&#x440;&#x43E;&#x432;&#x430;&#x43D;&#x43D;&#x43E;&#x439; &#x442;&#x43E;&#x43F;&#x43A;&#x43E;&#x439; &#x43D;&#x430; &#x43F;&#x44B;&#x43B;&#x435;&#x432;&#x438;&#x434;&#x43D;&#x43E;&#x43C; &#x443;&#x433;&#x43B;&#x435; &#x438; &#x434;&#x440;&#x435;&#x432;&#x435;&#x441;&#x43D;&#x43E;&#x43C; &#x442;&#x43E;&#x43F;&#x43B;&#x438;&#x432;&#x435;</subfield>
    <subfield code="e">Archiv f&#xFC;r W&#xE4;rmewirtschaft, 1933 &#x433;., &#x2116; 2, &#x441;&#x442;&#x440;. 29-33</subfield>
    <subfield code="f">&#x41F;&#x435;&#x440;. &#x415;&#x43B;&#x430;&#x447;&#x438;&#x43D;&#x430;</subfield>
    <subfield code="g">&#x420;&#x435;&#x434;. &#x410;&#x43B;&#x435;&#x43A;&#x441;&#x438;&#x43D;&#x441;&#x43A;&#x438;&#x439;</subfield>
    <subfield code="g">[&#x41C;&#x430;&#x442;&#x435;&#x440;&#x438;&#x430;&#x43B; &#x43E;&#x442;&#x43E;&#x431;&#x440;&#x430;&#x43D;, &#x43F;&#x435;&#x440;. &#x438; &#x43E;&#x442;&#x440;&#x435;&#x434;. &#x41E;&#x440;&#x433;&#x44D;&#x43D;&#x435;&#x440;&#x433;&#x43E;]</subfield>
  </datafield>
  <datafield tag="210" ind1=" " ind2=" ">
    <subfield code="a">&#x41C;&#x43E;&#x441;&#x43A;&#x432;&#x430;</subfield>
    <subfield code="c">&#x422;&#x435;&#x445;&#x438;&#x43D;&#x444;&#x43E;&#x440;&#x43C;&#x438;&#x437;&#x434;&#x430;&#x442;</subfield>
    <subfield code="c">&#x426;&#x438;&#x442;&#x44D;&#x438;&#x43D; &#x421;&#x43E; &#x41D;&#x41A;&#x422;&#x41F;</subfield>
    <subfield code="d">1934</subfield>
    <subfield code="e">&#x41A;&#x430;&#x43B;&#x438;&#x43D;&#x438;&#x43D;</subfield>
    <subfield code="g">&#x442;&#x438;&#x43F;. "&#x41F;&#x440;&#x43E;&#x43B;&#x435;&#x442;. &#x43F;&#x440;&#x430;&#x432;&#x434;&#x44B;"</subfield>
  </datafield>
  <datafield tag="215" ind1=" " ind2=" ">
    <subfield code="a">24 &#x441;.</subfield>
    <subfield code="c">&#x438;&#x43B;.</subfield>
    <subfield code="d">15&#x445;11 &#x441;&#x43C;</subfield>
  </datafield>
  <datafield tag="225" ind1="1" ind2=" ">
    <subfield code="a">&#x411;&#x438;&#x431;&#x43B;&#x438;&#x43E;&#x442;&#x435;&#x447;&#x43A;&#x430; &#x41D;&#x43E;&#x432;&#x43E;&#x441;&#x442;&#x438; &#x442;&#x435;&#x445;&#x43D;&#x438;&#x43A;&#x438;</subfield>
    <subfield code="f">&#x422;&#x435;&#x445;&#x421;&#x41E;</subfield>
    <subfield code="v">&#x421;&#x435;&#x440;&#x438;&#x44F; 6</subfield>
    <subfield code="a">&#x41F;&#x43E; &#x442;&#x435;&#x43F;&#x43B;&#x43E;&#x442;&#x435;&#x445;&#x43D;&#x438;&#x43A;&#x435;</subfield>
  </datafield>
  <datafield tag="702" ind1=" " ind2="1">
    <subfield code="a">&#x415;&#x43B;&#x430;&#x447;&#x438;&#x43D;</subfield>
    <subfield code="4">730</subfield>
  </datafield>
  <datafield tag="702" ind1=" " ind2="1">
    <subfield code="a">&#x410;&#x43B;&#x435;&#x43A;&#x441;&#x438;&#x43D;&#x441;&#x43A;&#x438;&#x439;</subfield>
    <subfield code="4">340</subfield>
  </datafield>
  <datafield tag="712" ind1="0" ind2="2">
    <subfield code="a">"&#x41E;&#x440;&#x433;&#x44D;&#x43D;&#x435;&#x440;&#x433;&#x43E;", &#x442;&#x440;&#x435;&#x441;&#x442;</subfield>
    <subfield code="c">&#x41C;&#x43E;&#x441;&#x43A;&#x432;&#x430;</subfield>
    <subfield code="4">570</subfield>
  </datafield>
  <datafield tag="801" ind1=" " ind2="0">
    <subfield code="a">RU</subfield>
    <subfield code="b">NLR</subfield>
    <subfield code="g">psbo</subfield>
  </datafield>
  <datafield tag="801" ind1=" " ind2="1">
    <subfield code="a">RU</subfield>
    <subfield code="b">ELAR</subfield>
    <subfield code="2">rusmarc</subfield>
  </datafield>
  <datafield tag="852" ind1=" " ind2=" ">
    <subfield code="a">NLR</subfield>
    <subfield code="j">34-8/3707</subfield>
  </datafield>
  <datafield tag="942" ind1=" " ind2=" ">
    <subfield code="c">BOOK</subfield>
  </datafield>
  <datafield tag="980" ind1=" " ind2=" ">
    <subfield code="a">NB</subfield>
  </datafield>
  <datafield tag="995" ind1=" " ind2=" ">
    <subfield code="5">2013-10-26</subfield>
    <subfield code="b">NLR02</subfield>
    <subfield code="c">NLR02</subfield>
    <subfield code="e">RFS</subfield>
    <subfield code="f">7108599-10</subfield>
    <subfield code="k">34-8/3707</subfield>
    <subfield code="o">0</subfield>
    <subfield code="r">BOOK</subfield>
    <subfield code="s">3483707_</subfield>
  </datafield>
</record>
